E-marketing ako integrálna súčasť marketingu vysokej školy

Guardado en:
Detalles Bibliográficos
Autor principal: Miklošík, Andrej
Otros Autores: Žák, Štefan, 1971-, Hriciga, Andrej
Formato: Libro
Lenguaje:eslovaco
Publicado: Bratislava Vydavateľstvo EKONÓM 2013
Edición:1. vyd.
Materias:
Etiquetas: Agregar Etiqueta
Sin Etiquetas, Sea el primero en etiquetar este registro!

MARC

LEADER 00000nam a2200000 4500
001 0183024
005 20240502073129.6
020 |a 978-80-225-3748-3 
041 0 |a slo 
044 |a SK 
245 1 0 |a E-marketing ako integrálna súčasť marketingu vysokej školy  |c Andrej Miklošík ; recenzenti Štefan Žák, Andrej Hriciga 
250 |a 1. vyd. 
264 1 |a Bratislava  |b Vydavateľstvo EKONÓM  |c 2013 
300 |a 186 s. [11,66 AH] 
500 |a Monografia je zároveň habilitačnou prácou 
610 2 0 |a marketing elektronický 
610 2 0 |a školy vysoké 
610 2 0 |a stránky webové 
610 2 0 |a dotazníky 
610 2 0 |a škálovanie 
100 1 |a Miklošík, Andrej 
700 1 |a Žák, Štefan, 1971- 
700 1 |a Hriciga, Andrej